000 00558nam a2200205Ia 4500
003 GCL
008 140319s9999 xx 000 0 eng d
040 _aGCL /
_cGCL
082 0 4 _a650.0285
_bE I
100 1 _aELLSWORTH, MATTHEW
245 1 0 _aTHE INTERNET BUSINESS BOOK /
_cELLSWORTH, MATTHEW
700 1 _aELLSWORTH, JILL
260 _a[S.N] :
_bJOHN WILEY AND SONS. INC ،
_c1994
300 _a376 P
650 0 4 _aCOMMUNICATION SYSTEMS
650 0 4 _aBUSINESS ENTERPRISES
650 0 4 _aINTERNET
650 0 4 _aCOMPUTER - NETWORKS
942 _2ddc
_cBK
999 _c24796
_d24796